| 000 | 00471 a2200145 4500 | ||
|---|---|---|---|
| 005 | 20250605151422.0 | ||
| 020 | _a978-0-324-36215-2 | ||
| 082 | _aLECT 658 WIL | ||
| 100 | _aWILLIAMS, C. | ||
| 245 | _aEffective management | ||
| 260 |
_aMason, _bThomson South-western, _c2008. |
||
| 300 |
_axxix, 530p.: ill.; figure, map, picture, table. _bGlossary, index, _c25cm. |
||
| 856 |
_yAccess online book _fEffective management _dhttp://www.thomsonrights.com |
||
| 942 |
_2ddc _cBKS |
||
| 999 |
_c3242 _d3242 |
||